Die neugierigen Frauen (Record no. 133518)

MARC details
000 -LEADER
campo de control de longitud fija 00433nam a2200145 i 4500
001 - NÚMERO DE CONTROL
campo de control 133518
003 - IDENTIFICADOR DE NÚMERO DE CONTROL
campo de control ES-MaACL
007 - CAMPO FIJO DE DESCRIPCIÓN FÍSICA--INFORMACIÓN GENERAL
campo de control de longitud fija t|
008 - DATOS DE LONGITUD FIJA--INFORMACIÓN GENERAL
campo de control de longitud fija 070817q1903 gw ||||1| ger d
100 1# - ENTRADA PRINCIPAL--NOMBRE DE PERSONA
Nombre de persona Wolf-Ferrari, Ermanno.
9 (RLIN) 117241
245 14 - MENCIÓN DEL TÍTULO
Título Die neugierigen Frauen
Resto del título : . Le donne curiose /
Mención de responsabilidad, etc. Musik von Ermanno Wolf-Ferrari.
260 ## - PUBLICACIÓN, DISTRIBUCIÓN, ETC.
Lugar de publicación, distribución, etc. Leipzig :
Nombre del editor, distribuidor, etc. Josef Weinberger,
Fecha de publicación, distribución, etc. [1903?]
300 ## - DESCRIPCIÓN FÍSICA
Extensión 122 p. ;
Dimensiones 31 cm.
852 ## - LOCALIZACIÓN
Ubicación ES-MaACL
Número de control de estantería B-1499
Holdings
Estatus retirado Estado de pérdida Estado de daño No para préstamo Biblioteca de origen Biblioteca actual Ubicación en estantería Fecha de adquisición Fuente de adquisición Total de préstamos Signatura topográfica completa Código de barras Visto por última vez Precio de reemplazo Tipo de ítem Koha
        Biblioteca del Ateneo de Madrid Biblioteca del Ateneo de Madrid Sala Pardo Bazán 17/01/2008     B-1499 1138995 23/02/2023 23/02/2023 Libro impreso